[Event "Titled Tuesday 2022.01.04"]
[Site "chess.com INT"]
[Date "2022.01.04"]
[Round "9"]
[White "Kovacsy, Barnabas"]
[Black "Yang, Kaiqi"]
[Result "1-0"]
[WhiteElo "2232"]
[BlackElo "2481"]
[PlyCount "81"]
[EventDate "2022.01.04"]
[EventType "swiss (blitz)"]
[EventRounds "11"]
[EventCountry "NET"]
[Source "Mark Crowther"]
[SourceDate "2022.01.10"]

1. e4 c5 2. Nf3 Nc6 3. d4 cxd4 4. Nxd4 Nf6 5. Nc3 e5 6. Ndb5 d6 7. Bg5 a6 8.
Na3 b5 9. Nd5 Be7 10. Bxf6 Bxf6 11. c3 Bg5 12. Nc2 Rb8 13. a4 bxa4 14. Ncb4 Bd7
15. Nxa6 Rxb2 16. Ndc7+ Ke7 17. Nd5+ Kf8 18. Be2 Rd2 19. Qb1 Qa5 20. Nab4 g6
21. h4 Bh6 22. g4 Nxb4 23. cxb4 Rxe2+ 24. Kxe2 Bxg4+ 25. f3 Qb5+ 26. Kf2 Be6
27. Qf1 Qb7 28. Qc4 Kg7 29. Rxa4 Rc8 30. Qd3 Bxd5 31. exd5 Qb6+ 32. Kg2 Bf4 33.
Re1 h5 34. b5 Rc7 35. Rae4 Rc5 36. Rxf4 exf4 37. Qd4+ Kh7 38. Qxf4 Rc2+ 39. Kh3
Kg7 40. Re7 Qg1 41. Qxf7+ 1-0

[Event "Titled Tuesday 2022.01.04"]
[Site "chess.com INT"]
[Date "2022.01.04"]
[Round "10"]
[White "Yang, Kaiqi"]
[Black "Kekic, A."]
[Result "1-0"]
[WhiteElo "2481"]
[BlackElo "2164"]
[PlyCount "105"]
[EventDate "2022.01.04"]
[EventType "swiss (blitz)"]
[EventRounds "11"]
[EventCountry "NET"]
[Source "Mark Crowther"]
[SourceDate "2022.01.10"]

1. c4 e5 2. Nc3 Nf6 3. Nf3 Nc6 4. e4 Bc5 5. Nxe5 Bxf2+ 6. Kxf2 Nxe5 7. d4 Ng6
8. e5 Ng8 9. h4 d6 10. h5 N6e7 11. Bf4 dxe5 12. Bxe5 f6 13. Bf4 Nf5 14. Nd5 Kf7
15. g4 Nd6 16. Qf3 c6 17. Ne3 Ne7 18. c5 Nb5 19. Bc4+ Be6 20. Bxe6+ Kxe6 21.
Rad1 h6 22. a4 Nc7 23. Bd6 Ncd5 24. Rde1 Kf7 25. Nf5 Nxf5 26. Qxf5 Re8 27. Rxe8
Qxe8 28. Re1 Qc8 29. Qg6+ Kg8 30. Kf3 b6 31. Re4 Qd7 32. Qf5 Qxf5+ 33. gxf5 Kf7
34. Re6 Re8 35. Ke4 Rxe6+ 36. fxe6+ Kxe6 37. cxb6 axb6 38. Bf8 Kf7 39. Bd6 g6
40. hxg6+ Kxg6 41. b4 Kf7 42. a5 bxa5 43. bxa5 f5+ 44. Kxf5 Ne3+ 45. Ke4 Nc4
46. Bc7 Ke6 47. a6 Na3 48. a7 Nb5 49. a8=Q Nxc7 50. Qc8+ Kd6 51. Qd8+ Ke6 52.
Qxc7 h5 53. Qxc6+ 1-0

[Event "Titled Tuesday 2022.01.04"]
[Site "chess.com INT"]
[Date "2022.01.04"]
[Round "11"]
[White "Yang, Kaiqi"]
[Black "Pham Le Thao Nguyen"]
[Result "1-0"]
[WhiteElo "2481"]
[BlackElo "2369"]
[PlyCount "147"]
[EventDate "2022.01.04"]
[EventType "swiss (blitz)"]
[EventRounds "11"]
[EventCountry "NET"]
[Source "Mark Crowther"]
[SourceDate "2022.01.10"]

1. c4 g6 2. g3 Bg7 3. Bg2 Nf6 4. Nf3 O-O 5. d4 d6 6. Nc3 a6 7. O-O Nbd7 8. h3
Rb8 9. a4 c5 10. d5 Nb6 11. Nd2 Bd7 12. a5 Na8 13. Qc2 b5 14. axb6 Rxb6 15. Ra3
Qc8 16. Kh2 Nc7 17. e4 Rb4 18. b3 Nfe8 19. Bb2 e5 20. Nd1 f5 21. Bc3 Rb8 22. f4
exf4 23. Rxf4 fxe4 24. Rxf8+ Bxf8 25. Nxe4 Bf5 26. Ne3 Bxe4 27. Qxe4 Qd7 28. h4
Ng7 29. Bh3 Qf7 30. Ng2 Re8 31. Qf4 Qe7 32. Ra2 Nh5 33. Qf3 Bh6 34. Rf2 Rf8 35.
Qe2 Qxe2 36. Rxe2 Rf3 37. Ba5 Nxg3 38. Re7 Bg7 39. Ne1 Rxb3 40. Bxc7 Be5 41.
Rxe5 dxe5 42. Bxe5 Ne4 43. Be6+ Kf8 44. d6 Re3 45. d7 Ke7 46. Bc7 Re2+ 47. Kh3
Re3+ 48. Kh2 Re2+ 49. Kh3 Re3+ 50. Kg2 Re2+ 51. Kf3 Rd2 52. d8=Q+ Rxd8 53.
Bxd8+ Kxe6 54. Kxe4 h6 55. Nf3 Kd7 56. Ba5 Kc6 57. Ke5 Kd7 58. Kf6 g5 59. hxg5
hxg5 60. Nxg5 Kd6 61. Kf5 Kc6 62. Ke5 Kd7 63. Kd5 Kc8 64. Ne4 Kb7 65. Nxc5+ Kc8
66. Ne6 Kd7 67. c5 Kc8 68. c6 Kb8 69. Nc5 Kc8 70. Kd6 Kb8 71. Kd7 Ka7 72. c7
Ka8 73. c8=Q+ Ka7 74. Qb7# 1-0

[Event "Titled Tuesday 2021.12.14"]
[Site "chess.com INT"]
[Date "2021.12.14"]
[Round "1"]
[White "Einarsson, H."]
[Black "Yang, Kaiqi"]
[Result "1-0"]
[WhiteElo "2207"]
[BlackElo "2481"]
[PlyCount "85"]
[EventDate "2021.12.14"]
[EventType "swiss (blitz)"]
[EventRounds "11"]
[EventCountry "NET"]
[Source "Mark Crowther"]
[SourceDate "2021.12.20"]

1. d4 e6 2. Nf3 f5 3. g3 Nf6 4. Bg2 d5 5. O-O Bd6 6. b3 Qe7 7. c4 c6 8. Bb2 O-O
9. Nbd2 a5 10. Ne5 a4 11. Qc2 Ne4 12. f3 a3 13. Bc1 Nxd2 14. Bxd2 Nd7 15. Bc3
Nxe5 16. dxe5 Bc5+ 17. Kh1 b6 18. e4 fxe4 19. fxe4 dxc4 20. Rxf8+ Qxf8 21. bxc4
Ba6 22. Rf1 Qe7 23. Ba1 Rf8 24. Rxf8+ Qxf8 25. Qe2 Qf7 26. Bc3 h6 27. Bd2 Qf2
28. Qxf2 Bxf2 29. Bf1 Bd4 30. Bb4 Bb2 31. Bd6 g5 32. Kg2 h5 33. Kf3 Kg7 34. Ke3
Kg6 35. Be2 g4 36. Kd3 Bc1 37. Bd1 Kg5 38. Ba4 c5 39. Bd7 Kg6 40. Bxe6 Bb2 41.
Bd7 Kf7 42. e6+ Kf6 43. e7 1-0

[Event "Titled Tuesday 2021.12.14"]
[Site "chess.com INT"]
[Date "2021.12.14"]
[Round "2"]
[White "Yang, Kaiqi"]
[Black "Golubenko, Valen"]
[Result "1-0"]
[WhiteElo "2481"]
[BlackElo "2209"]
[PlyCount "71"]
[EventDate "2021.12.14"]
[EventType "swiss (blitz)"]
[EventRounds "11"]
[EventCountry "NET"]
[Source "Mark Crowther"]
[SourceDate "2021.12.20"]

1. e4 e6 2. d4 d5 3. e5 c5 4. c3 Nc6 5. Nf3 Nge7 6. Bd3 cxd4 7. O-O Nf5 8. Bxf5
exf5 9. Nxd4 Nxd4 10. cxd4 Be7 11. Nc3 O-O 12. Qb3 Be6 13. Qxb7 Rb8 14. Qa6 Qd7
15. Rb1 Rfc8 16. Bd2 Rc4 17. b3 Rb6 18. Qxb6 axb6 19. bxc4 dxc4 20. Rxb6 h6 21.
d5 Bxd5 22. Be3 Be6 23. Rd1 Qc8 24. a4 Bc5 25. Bxc5 Qxc5 26. Rbb1 g5 27. Ra1
Qxe5 28. Rdc1 f4 29. a5 f3 30. gxf3 Qf5 31. a6 Qxf3 32. a7 Qg4+ 33. Kf1 Qh3+
34. Ke1 Qxh2 35. a8=Q+ Kg7 36. Qe4 1-0

[Event "Titled Tuesday 2021.12.14"]
[Site "chess.com INT"]
[Date "2021.12.14"]
[Round "3"]
[White "Fajdetic, H."]
[Black "Yang, Kaiqi"]
[Result "0-1"]
[WhiteElo "2151"]
[BlackElo "2481"]
[PlyCount "82"]
[EventDate "2021.12.14"]
[EventType "swiss (blitz)"]
[EventRounds "11"]
[EventCountry "NET"]
[Source "Mark Crowther"]
[SourceDate "2021.12.20"]

1. d4 e6 2. Bf4 Nf6 3. e3 c5 4. c3 Nc6 5. Nd2 d5 6. Ngf3 Bd6 7. Bg3 O-O 8. Bd3
b6 9. e4 Be7 10. e5 Nh5 11. Qc2 g6 12. O-O-O cxd4 13. Nxd4 Nxd4 14. cxd4 a5 15.
Kb1 Ba6 16. Bxa6 Rxa6 17. Rc1 Ra7 18. Qc6 Qb8 19. Qb5 Bg5 20. Rc2 Bxd2 21. Rxd2
Rc8 22. Bh4 Qc7 23. g4 Ng7 24. Bg5 Qc4 25. Qxc4 dxc4 26. Rc2 Rd7 27. Be3 b5 28.
Rhc1 Rdc7 29. a3 Ne8 30. Bd2 a4 31. Bb4 Rd7 32. Bc5 Nc7 33. f4 Na6 34. Bb6 Rc6
35. Ba5 h6 36. Bc3 Nc7 37. f5 Nd5 38. fxg6 fxg6 39. Rf2 Rf7 40. Rcf1 Rcc7 41.
Kc2 Ne3+ 0-1

[Event "Titled Tuesday 2021.12.14"]
[Site "chess.com INT"]
[Date "2021.12.14"]
[Round "7"]
[White "Starozhilov, L."]
[Black "Yang, Kaiqi"]
[Result "0-1"]
[WhiteElo "2293"]
[BlackElo "2481"]
[PlyCount "76"]
[EventDate "2021.12.14"]
[EventType "swiss (blitz)"]
[EventRounds "11"]
[EventCountry "NET"]
[Source "Mark Crowther"]
[SourceDate "2021.12.20"]

1. e4 c5 2. Nf3 Nf6 3. Nc3 d5 4. exd5 Nxd5 5. g3 g6 6. Bg2 Bg7 7. O-O Nxc3 8.
bxc3 O-O 9. d4 Nc6 10. Be3 cxd4 11. cxd4 Be6 12. Re1 Rc8 13. c3 Na5 14. Bd2 h6
15. h4 Bd5 16. h5 g5 17. Ne5 Bxg2 18. Kxg2 Qd5+ 19. Kh2 e6 20. f4 gxf4 21. gxf4
Nc4 22. Rg1 Nd6 23. Qg4 Nf5 24. Rg2 Kh7 25. Rag1 Bxe5 26. fxe5 Rg8 27. Qf4
Rxg2+ 28. Rxg2 Rg8 29. Rxg8 Kxg8 30. Qg4+ Kh7 31. a4 Qa2 32. Qe2 Qxa4 33. Qd3
Qd1 34. c4 Qxh5+ 35. Kg1 Qg4+ 36. Kf1 Qxd4 37. Qc2 Qxe5 38. c5 Qd5 0-1

[Event "Titled Tuesday 2021.12.14"]
[Site "chess.com INT"]
[Date "2021.12.14"]
[Round "8"]
[White "Yang, Kaiqi"]
[Black "Erdogdu, M."]
[Result "0-1"]
[WhiteElo "2481"]
[BlackElo "2407"]
[PlyCount "64"]
[EventDate "2021.12.14"]
[EventType "swiss (blitz)"]
[EventRounds "11"]
[EventCountry "NET"]
[Source "Mark Crowther"]
[SourceDate "2021.12.20"]

1. e4 c5 2. Nc3 d6 3. d4 cxd4 4. Qxd4 Nc6 5. Qd2 g6 6. b3 Bh6 7. f4 Nf6 8. Bb2
O-O 9. O-O-O e5 10. Nge2 Re8 11. Kb1 Bg4 12. g3 Bf3 13. Rg1 Nxe4 14. Qe3 Nxc3+
15. Qxc3 Bxe2 16. Bxe2 Bg7 17. Bb5 Rc8 18. Qd2 Qb6 19. Bc4 Nd4 20. Rgf1 Rxc4
21. bxc4 e4 22. Qc3 Nf5 23. Qb3 Ne3 24. Bxg7 Kxg7 25. Qxb6 axb6 26. Rfe1 Nxd1
27. Rxd1 e3 28. Kb2 Kf6 29. Kc3 Kf5 30. h3 Ke4 31. Rxd6 Kf3 32. Rd1 e2 0-1

[Event "Titled Tuesday 2021.12.14"]
[Site "chess.com INT"]
[Date "2021.12.14"]
[Round "9"]
[White "Yang, Kaiqi"]
[Black "Thomas, Anysia"]
[Result "1-0"]
[WhiteElo "2481"]
[BlackElo "2146"]
[PlyCount "32"]
[EventDate "2021.12.14"]
[EventType "swiss (blitz)"]
[EventRounds "11"]
[EventCountry "NET"]
[Source "Mark Crowther"]
[SourceDate "2021.12.20"]

1. e4 c5 2. Nc3 Nc6 3. Bb5 Nd4 4. Nf3 g6 5. O-O Bg7 6. Re1 a6 7. Bf1 d6 8. h3
Nf6 9. Nd5 O-O 10. c3 Nxf3+ 11. Qxf3 b5 12. Nxf6+ Bxf6 13. e5 d5 14. exf6 exf6
15. d4 c4 16. Bh6 Re8 1-0

[Event "Titled Tuesday 2021.12.14"]
[Site "chess.com INT"]
[Date "2021.12.14"]
[Round "10"]
[White "Supatashvili, K."]
[Black "Yang, Kaiqi"]
[Result "1-0"]
[WhiteElo "2463"]
[BlackElo "2481"]
[PlyCount "69"]
[EventDate "2021.12.14"]
[EventType "swiss (blitz)"]
[EventRounds "11"]
[EventCountry "NET"]
[Source "Mark Crowther"]
[SourceDate "2021.12.20"]

1. d4 Nf6 2. c4 e6 3. Nf3 d5 4. Nc3 Bb4 5. cxd5 exd5 6. Bg5 h6 7. Bh4 c5 8. e3
c4 9. Nd2 g5 10. Bg3 Nc6 11. h4 g4 12. Be5 Be6 13. Bxf6 Qxf6 14. g3 O-O-O 15.
Bg2 Rhe8 16. O-O h5 17. Rc1 Kb8 18. b3 Ba3 19. Rb1 Bf5 20. bxc4 Bxb1 21. Ndxb1
Bd6 22. Nxd5 Qf5 23. Nbc3 Bf8 24. c5 Qe6 25. Qb3 Kc8 26. Rb1 Rd7 27. Qa4 Bg7
28. Nf4 Qh6 29. Bxc6 Qxc6 30. Qxa7 Rc7 31. Nb5 Bh6 32. Nd6+ Kd7 33. Nxe8 Bxf4
34. Nxc7 Bxc7 35. Qxb7 1-0

[Event "Titled Tuesday 2021.12.14"]
[Site "chess.com INT"]
[Date "2021.12.14"]
[Round "11"]
[White "Yang, Kaiqi"]
[Black "Bonte, An"]
[Result "1-0"]
[WhiteElo "2481"]
[BlackElo "2340"]
[PlyCount "81"]
[EventDate "2021.12.14"]
[EventType "swiss (blitz)"]
[EventRounds "11"]
[EventCountry "NET"]
[Source "Mark Crowther"]
[SourceDate "2021.12.20"]

1. e4 e6 2. d4 d5 3. e5 c5 4. c3 Qb6 5. Nf3 Bd7 6. Bd3 Bb5 7. O-O Bxd3 8. Qxd3
Qa6 9. Qd1 cxd4 10. Nxd4 Ne7 11. a4 Qa5 12. b4 Qd8 13. Nd2 Nbc6 14. N2f3 Nxd4
15. cxd4 Nc6 16. b5 Na5 17. Bg5 Be7 18. h4 h6 19. Be3 Bxh4 20. g3 Be7 21. Kg2
Rc8 22. Qd3 Rc4 23. Nd2 Qd7 24. Nxc4 Nxc4 25. Rh1 h5 26. Rh3 g6 27. Rah1 Kd8
28. g4 h4 29. g5 Rh5 30. Rxh4 Nxe3+ 31. fxe3 Rxg5+ 32. Kf3 Rf5+ 33. Rf4 Kc7 34.
Qc3+ Kb6 35. a5+ Kxb5 36. Rb1+ Ka6 37. Qd3+ b5 38. axb6+ Kb7 39. bxa7+ Kxa7 40.
Qb3 Rxf4+ 41. exf4 1-0

[Event "Titled Tuesday 2021.12.07"]
[Site "chess.com INT"]
[Date "2021.12.07"]
[Round "1"]
[White "Sailer, M."]
[Black "Yang, Kaiqi"]
[Result "0-1"]
[WhiteElo "2109"]
[BlackElo "2481"]
[PlyCount "60"]
[EventDate "2021.12.07"]
[EventType "swiss (blitz)"]
[EventRounds "11"]
[EventCountry "NET"]
[Source "Mark Crowther"]
[SourceDate "2021.12.13"]

1. d4 e6 2. Nf3 f5 3. g3 Nf6 4. Bg2 d5 5. Ne5 Bd6 6. Bg5 O-O 7. Nd2 Nbd7 8.
Ndf3 h6 9. Bxf6 Qxf6 10. Nxd7 Bxd7 11. e3 Bb5 12. Qd2 c5 13. O-O-O Rac8 14. Kb1
Ba4 15. Rc1 c4 16. c3 Be8 17. h3 b5 18. g4 a5 19. gxf5 Qxf5+ 20. Qc2 Qh5 21. e4
Rxf3 22. Bxf3 Qxf3 23. exd5 exd5 24. Ka1 b4 25. Rhg1 Rb8 26. Rce1 Bf7 27. Re3
Qf6 28. Qa4 bxc3 29. Rxc3 Qxf2 30. Rd1 Qxb2# 0-1

[Event "Titled Tuesday 2021.12.07"]
[Site "chess.com INT"]
[Date "2021.12.07"]
[Round "4"]
[White "Yang, Kaiqi"]
[Black "Faizrakhmanov, Ramil"]
[Result "0-1"]
[WhiteElo "2481"]
[BlackElo "2480"]
[PlyCount "132"]
[EventDate "2021.12.07"]
[EventType "swiss (blitz)"]
[EventRounds "11"]
[EventCountry "NET"]
[Source "Mark Crowther"]
[SourceDate "2021.12.13"]

1. e4 c5 2. Nf3 d6 3. Bb5+ Nd7 4. a4 Ngf6 5. Nc3 a6 6. Be2 g6 7. O-O Bg7 8. d3
O-O 9. Qd2 b6 10. Qg5 Bb7 11. Qh4 h5 12. Bg5 Bc6 13. Nd2 b5 14. f4 c4 15. f5 b4
16. Nd1 cxd3 17. cxd3 Qb6+ 18. Be3 Qb7 19. Nc4 a5 20. Nf2 d5 21. Nd2 dxe4 22.
dxe4 Ne5 23. Nc4 Nxe4 24. Nxe4 Bxe4 25. Rf2 Nd3 26. Bxd3 Bxd3 27. fxg6 Bxg6 28.
Raf1 Rad8 29. Qg3 Rd3 30. Ne5 Bxe5 31. Qxe5 Qe4 32. Qxe4 Bxe4 33. Bh6 Bg6 34.
Bxf8 Kxf8 35. Re1 Rd5 36. Rfe2 e6 37. Kf2 b3 38. Ke3 Rd3+ 39. Kf2 Rd4 40. Ke3
Rxa4 41. Rd2 Re4+ 42. Kf2 Rc4 43. Ke3 a4 44. Ra1 Kg7 45. g3 Kf6 46. Rd4 Rc2 47.
Raxa4 Rxb2 48. Rab4 Rb1 49. h4 b2 50. Kd2 Rg1 51. Rxb2 Rg2+ 52. Kc3 Rxg3+ 53.
Kd2 Rg2+ 54. Kc3 Rxb2 55. Kxb2 Ke5 56. Kc3 f5 57. Ra4 f4 58. Kd2 Be4 59. Ke2
Bd5 60. Kf2 Kf5 61. Ra5 Kg4 62. Ra8 Kxh4 63. Rg8 e5 64. Rg7 e4 65. Ke2 e3 66.
Rg8 Bxg8 0-1

[Event "Titled Tuesday 2021.12.07"]
[Site "chess.com INT"]
[Date "2021.12.07"]
[Round "5"]
[White "Rosenberg, E."]
[Black "Yang, Kaiqi"]
[Result "0-1"]
[WhiteElo "2099"]
[BlackElo "2481"]
[PlyCount "126"]
[EventDate "2021.12.07"]
[EventType "swiss (blitz)"]
[EventRounds "11"]
[EventCountry "NET"]
[Source "Mark Crowther"]
[SourceDate "2021.12.13"]

1. Nf3 g6 2. e4 Bg7 3. d4 d6 4. Bc4 e6 5. Bb3 b6 6. c3 Bb7 7. Qe2 Nd7 8. Bg5
Ne7 9. Nbd2 h6 10. Be3 Nf6 11. e5 Nfd5 12. exd6 cxd6 13. O-O O-O 14. Rae1 Nf5
15. Bc2 Qc8 16. Ne4 Ba6 17. Bd3 Bxd3 18. Qxd3 Qc6 19. Nfd2 b5 20. Ng3 Nxg3 21.
fxg3 Rae8 22. Ne4 f5 23. Nd2 a6 24. g4 Kh7 25. gxf5 exf5 26. Bf2 Qb7 27. Qf3
Qf7 28. Rxe8 Rxe8 29. Re1 Rxe1+ 30. Bxe1 Qe6 31. Bf2 g5 32. Kf1 g4 33. Qe2 Qf7
34. g3 h5 35. Kg1 Bh6 36. Nf1 f4 37. Qe4+ Kg7 38. gxf4 Nxf4 39. Bg3 Nh3+ 40.
Kg2 Bf4 41. a4 Bxg3 42. Nxg3 Qf2+ 43. Kh1 Qf3+ 44. Qxf3 gxf3 45. Nf1 bxa4 46.
d5 Kf6 47. Nd2 Ng5 48. Kg1 h4 49. Kf2 Ke5 50. Nxf3+ Nxf3 51. Kxf3 Kxd5 52. Kg4
Kc4 53. Kxh4 a3 54. bxa3 Kxc3 55. Kg4 d5 56. h4 d4 57. h5 d3 58. h6 d2 59. Kg5
d1=Q 60. h7 Qd8+ 61. Kg6 Qh8 62. a4 Kb4 63. a5 Kxa5 0-1

[Event "Titled Tuesday 2021.12.07"]
[Site "chess.com INT"]
[Date "2021.12.07"]
[Round "9"]
[White "Muromtsev, A."]
[Black "Yang, Kaiqi"]
[Result "0-1"]
[WhiteElo "2129"]
[BlackElo "2481"]
[PlyCount "84"]
[EventDate "2021.12.07"]
[EventType "swiss (blitz)"]
[EventRounds "11"]
[EventCountry "NET"]
[Source "Mark Crowther"]
[SourceDate "2021.12.13"]

1. e4 c5 2. Nf3 Nf6 3. Nc3 d5 4. Bb5+ Bd7 5. Bxd7+ Qxd7 6. e5 Ng8 7. O-O e6 8.
d4 Nc6 9. dxc5 Bxc5 10. Bg5 h6 11. Bh4 Nge7 12. Na4 b6 13. Nxc5 bxc5 14. c3 Nf5
15. Bg3 O-O 16. Qa4 Qb7 17. Rab1 Rac8 18. Bf4 a6 19. g4 Nfe7 20. g5 h5 21. Nh4
d4 22. Rfe1 Rcd8 23. Bg3 g6 24. b4 cxb4 25. cxb4 d3 26. b5 axb5 27. Rxb5 Qd7
28. Rd1 Nd4 29. Rb4 Ne2+ 30. Kf1 Qd5 31. f3 Nc3 32. Qb3 Qxb3 33. Rxb3 Nxd1 34.
Bf4 Rb8 35. Rxd3 Rb1 36. Rd7 Nd5 37. Bd2 N1e3+ 38. Ke2 Nc4 39. Kd3 Nxe5+ 40.
Kc2 Rfb8 41. Bc3 Nxd7 42. Ng2 Nxc3 0-1

[Event "Titled Tuesday 2021.11.30"]
[Site "chess.com INT"]
[Date "2021.11.30"]
[Round "1"]
[White "Yang, Kaiqi"]
[Black "Unver, C."]
[Result "1/2-1/2"]
[WhiteElo "2481"]
[BlackElo "2046"]
[PlyCount "69"]
[EventDate "2021.11.30"]
[EventType "swiss (blitz)"]
[EventRounds "11"]
[EventCountry "NET"]
[Source "Mark Crowther"]
[SourceDate "2021.12.06"]

1. e4 d6 2. d4 Nf6 3. Nc3 e5 4. Nf3 Nc6 5. Bb5 Bd7 6. O-O Be7 7. Re1 a6 8. Bxc6
Bxc6 9. Bg5 h6 10. Bh4 Nxe4 11. Bxe7 Nxc3 12. Bxd8 Nxd1 13. Bxc7 Nxb2 14. Bxd6
Bxf3 15. gxf3 Nc4 16. Bxe5 O-O-O 17. c3 Rhe8 18. Bf4 Rxe1+ 19. Rxe1 Kd7 20. Kg2
Re8 21. Rb1 b6 22. a4 Kc6 23. Kf1 g5 24. Bc1 f5 25. h3 Kd5 26. Ra1 f4 27. Ra2
Nd6 28. Rb2 Nc4 29. Re2 Rxe2 30. Kxe2 Nd6 31. Kd3 Nc4 32. Kc2 Nd6 33. Kd3 Nc4
34. Kc2 Nd6 35. Kd3 1/2-1/2

[Event "Titled Tuesday 2021.11.30"]
[Site "chess.com INT"]
[Date "2021.11.30"]
[Round "2"]
[White "Jarocka, Liwia"]
[Black "Yang, Kaiqi"]
[Result "0-1"]
[WhiteElo "2006"]
[BlackElo "2481"]
[PlyCount "162"]
[EventDate "2021.11.30"]
[EventType "swiss (blitz)"]
[EventRounds "11"]
[EventCountry "NET"]
[Source "Mark Crowther"]
[SourceDate "2021.12.06"]

1. d4 e6 2. c4 f5 3. Nf3 Nf6 4. g3 d5 5. Bg2 c6 6. O-O Bd6 7. b3 Qe7 8. Bb2 O-O
9. Nbd2 Nbd7 10. Ne5 a5 11. Rc1 a4 12. bxa4 Ne4 13. Nxe4 fxe4 14. e3 Nxe5 15.
dxe5 Ba3 16. Rb1 Bxb2 17. Rxb2 Qa3 18. Qb3 Qxa4 19. Rd1 Qxb3 20. axb3 Rf5 21.
b4 Rxe5 22. b5 Bd7 23. bxc6 Bxc6 24. Rd4 Ra1+ 25. Bf1 Rf5 26. Kg2 Rf8 27. cxd5
exd5 28. Rdb4 Kf7 29. Bb5 Ke6 30. Rc2 Kd6 31. Bxc6 bxc6 32. Rb7 Rg8 33. Rb6 Rc8
34. Rb7 Rc7 35. Rb8 Ra4 36. Rd8+ Rd7 37. Rc8 Rc4 38. Rd2 Rf7 39. Rd8+ Kc7 40.
Rh8 h6 41. Re8 Kd6 42. h4 Rc1 43. Rg8 Re7 44. Rf8 Ke6 45. Rd8 Rf7 46. Re8+ Kf6
47. Rd8 Rc4 48. Re8 h5 49. Rh8 g6 50. Rd8 Ra7 51. Rg8 Rc1 52. Rc8 Ra6 53. Rf8+
Kg7 54. Rc8 Raa1 55. Rc7+ Kh6 56. g4 Rg1+ 57. Kh2 Rh1+ 58. Kg3 Rag1+ 59. Kf4
Rxg4+ 60. Ke5 Rhxh4 61. Rxc6 Rg5+ 62. Kd4 Rh2 63. Rd6 h4 64. Rxd5 Rxd5+ 65.
Kxd5 h3 66. Kxe4 Rg2 67. Kf3 Rg1 68. Rd4 g5 69. Rd8 Kh7 70. Rd7+ Kg6 71. Rd6+
Kf5 72. Rh6 g4+ 73. Ke2 Ra1 74. Rh4 Ra2+ 75. Ke1 Kg5 76. Rh8 Rb2 77. e4 Kf4 78.
Rh4 Kf3 79. e5 Re2+ 80. Kf1 Rxe5 81. Rxg4 Kxg4 0-1

[Event "Titled Tuesday 2021.11.30"]
[Site "chess.com INT"]
[Date "2021.11.30"]
[Round "3"]
[White "Weetik, V."]
[Black "Yang, Kaiqi"]
[Result "1-0"]
[WhiteElo "2423"]
[BlackElo "2481"]
[PlyCount "79"]
[EventDate "2021.11.30"]
[EventType "swiss (blitz)"]
[EventRounds "11"]
[EventCountry "NET"]
[Source "Mark Crowther"]
[SourceDate "2021.12.06"]

1. Nf3 Nf6 2. g3 g6 3. Bg2 Bg7 4. O-O O-O 5. d4 d5 6. c4 dxc4 7. Na3 Nc6 8. e3
Rb8 9. Nxc4 Be6 10. Qe2 Bd5 11. b3 Ne4 12. Bb2 e6 13. Rfd1 h6 14. Rac1 Re8 15.
Nfe5 Ne7 16. f3 Nd6 17. e4 Bxc4 18. bxc4 c6 19. a4 Qa5 20. Bc3 Qc7 21. c5 Ndc8
22. a5 a6 23. h4 Na7 24. f4 Nb5 25. Bb4 Rbd8 26. Qe3 f6 27. Nc4 f5 28. Nd6 fxe4
29. Nxe8 Rxe8 30. Bxe4 Qd7 31. Kg2 Nf5 32. Qf2 h5 33. Bc3 Rd8 34. Bb2 Qe7 35.
Rd3 Qf6 36. Re1 Kh7 37. Re2 Nc7 38. d5 Qe7 39. d6 Qf7 40. Bxg7 1-0

[Event "Titled Tuesday 2021.11.30"]
[Site "chess.com INT"]
[Date "2021.11.30"]
[Round "4"]
[White "Yang, Kaiqi"]
[Black "Pavlidou, E."]
[Result "1/2-1/2"]
[WhiteElo "2481"]
[BlackElo "2172"]
[PlyCount "123"]
[EventDate "2021.11.30"]
[EventType "swiss (blitz)"]
[EventRounds "11"]
[EventCountry "NET"]
[Source "Mark Crowther"]
[SourceDate "2021.12.06"]

1. e4 c5 2. Nc3 Nc6 3. Nf3 Nf6 4. Bb5 Qc7 5. O-O a6 6. Bxc6 dxc6 7. e5 Nd5 8.
Re1 Bg4 9. h3 Bh5 10. e6 f6 11. Ne4 g5 12. Nxc5 O-O-O 13. d3 g4 14. Nh2 f5 15.
c4 Rg8 16. hxg4 fxg4 17. cxd5 Rxd5 18. g3 Rxc5 19. Bf4 Qd8 20. Rc1 Rd5 21. Qb3
Be8 22. Nf1 h5 23. Ne3 Rd4 24. Rc4 h4 25. Rxd4 Qxd4 26. Qc4 Bg7 27. Nf5 Qxc4
28. dxc4 Bf6 29. gxh4 Bg6 30. Ng3 Bxh4 31. Rd1 Bxg3 32. fxg3 Bf5 33. Kf2 Bxe6
34. b3 Rd8 35. Rxd8+ Kxd8 36. Ke3 Kd7 37. Kd4 Bf5 38. b4 Bb1 39. a4 b5 40. a5
Ba2 41. cxb5 cxb5 42. Kc5 Ke6 43. Kb6 Kd5 44. Kxa6 Kc6 45. Be5 Bc4 46. Ka7 Kd5
47. Bf4 e5 48. Bc1 Kc6 49. Kb8 Kd5 50. a6 Kd4 51. Bb2+ Ke4 52. a7 Bd5 53. a8=Q
Bxa8 54. Kxa8 Kd5 55. Kb7 e4 56. Bc1 Kc4 57. Bd2 Kd3 58. Be1 Ke2 59. Bc3 Kd3
60. Be1 Ke2 61. Bc3 Kd3 62. Be1 1/2-1/2

[Event "Titled Tuesday 2021.11.30"]
[Site "chess.com INT"]
[Date "2021.11.30"]
[Round "5"]
[White "Manukian, Ar"]
[Black "Yang, Kaiqi"]
[Result "0-1"]
[WhiteElo "2196"]
[BlackElo "2481"]
[PlyCount "76"]
[EventDate "2021.11.30"]
[EventType "swiss (blitz)"]
[EventRounds "11"]
[EventCountry "NET"]
[Source "Mark Crowther"]
[SourceDate "2021.12.06"]

1. e4 c5 2. Nf3 Nf6 3. e5 Nd5 4. Nc3 Nxc3 5. dxc3 Nc6 6. Bf4 Qb6 7. b3 Qc7 8.
Qd2 e6 9. O-O-O h6 10. h4 a6 11. Re1 b5 12. Kb1 c4 13. Nd4 Ne7 14. Rh3 Nd5 15.
Bh2 b4 16. Bxc4 Nxc3+ 17. Rxc3 bxc3 18. Qxc3 Rb8 19. Nf5 Bb4 20. Nd6+ Qxd6 21.
exd6 Bxc3 22. Rd1 Bf6 23. h5 O-O 24. g4 Bb7 25. f4 Rfc8 26. Rg1 Bd4 27. Rg3 Be4
28. Bd3 Bxd3 29. Rxd3 Bf6 30. a4 Rc3 31. Rd2 Rh3 32. Ka2 Bc3 33. Rg2 Rf3 34.
Rg3 Rxg3 35. Bxg3 f5 36. gxf5 exf5 37. Bf2 Kf7 38. Bc5 Ke6 0-1

[Event "Titled Tuesday 2021.11.30"]
[Site "chess.com INT"]
[Date "2021.11.30"]
[Round "6"]
[White "Yang, Kaiqi"]
[Black "Sanal, V."]
[Result "0-1"]
[WhiteElo "2481"]
[BlackElo "2590"]
[PlyCount "24"]
[EventDate "2021.11.30"]
[EventType "swiss (blitz)"]
[EventRounds "11"]
[EventCountry "NET"]
[Source "Mark Crowther"]
[SourceDate "2021.12.06"]

1. e4 e5 2. Nf3 Nf6 3. Nxe5 d6 4. Nf3 Nxe4 5. d4 d5 6. Bd3 Bd6 7. O-O O-O 8. c4
c6 9. Nc3 Nxc3 10. bxc3 dxc4 11. Bxc4 Bf5 12. Nh4 Qxh4 0-1

[Event "Titled Tuesday 2021.11.30"]
[Site "chess.com INT"]
[Date "2021.11.30"]
[Round "7"]
[White "Guseva, Marina"]
[Black "Yang, Kaiqi"]
[Result "0-1"]
[WhiteElo "2384"]
[BlackElo "2481"]
[PlyCount "38"]
[EventDate "2021.11.30"]
[EventType "swiss (blitz)"]
[EventRounds "11"]
[EventCountry "NET"]
[Source "Mark Crowther"]
[SourceDate "2021.12.06"]

1. d4 d5 2. c4 c6 3. Nc3 Nf6 4. e3 e6 5. Nf3 Nbd7 6. Bd3 dxc4 7. Bxc4 b5 8. Bd3
Bd6 9. O-O O-O 10. Qc2 Bb7 11. a3 Rc8 12. b4 a5 13. Rb1 axb4 14. axb4 Nd5 15.
Nxd5 cxd5 16. Qe2 Nb6 17. Bxb5 Nc4 18. Nd2 Qb6 19. Nxc4 Qxb5 0-1